|
|
|
|
| LEADER |
00000nam0a2200000 4500 |
| 001 |
259865 |
| 005 |
20231101233427.0 |
| 035 |
|
|
|a (RuTPU)RU\TPU\book\282811
|
| 090 |
|
|
|a 259865
|
| 100 |
|
|
|a 20140513d1980 m y0rusy50 ca
|
| 101 |
0 |
|
|a rus
|
| 102 |
|
|
|a RU
|
| 105 |
|
|
|a a z 000ay
|
| 200 |
1 |
|
|a Рассказы
|f В. М. Шукшин
|g сост. Л. Федосеева-Шукшина ; худож. Н. Усачев ; Ю. Аратовский
|
| 210 |
|
|
|a Москва
|c Московский рабочий
|d 1980
|
| 215 |
|
|
|a 256 с.
|c ил.
|
| 606 |
1 |
|
|a Русская литература современная
|2 stltpush
|3 (RuTPU)RU\TPU\subj\26373
|9 50316
|
| 610 |
1 |
|
|a художественная литература
|
| 610 |
1 |
|
|a рассказы
|
| 610 |
1 |
|
|a советская литература
|
| 675 |
|
|
|a Р2
|v 3
|
| 700 |
|
1 |
|a Шукшин
|b В. М.
|c русский писатель
|c актер
|c кинорежиссер
|f 1929-1974
|g Василий Макарович
|2 stltpush
|3 (RuTPU)RU\TPU\pers\1020
|4 070
|9 451
|
| 702 |
|
1 |
|a Федосеева-Шукшина
|b Л.
|4 220
|
| 702 |
|
1 |
|a Усачева
|b Н.
|4 440
|
| 702 |
|
1 |
|a Аратовский
|b Ю.
|4 130
|
| 801 |
|
1 |
|a RU
|b 63413507
|c 20140513
|
| 801 |
|
2 |
|a RU
|b 63413507
|c 20210930
|g RCR
|
| 942 |
|
|
|c BK
|